Registros contables digitales en la legislación societaria (Registro nro. 12405)

Detalles MARC
000 -LEADER
fixed length control field 00359 a2200121 4500
001 - CONTROL NUMBER
control field ART_47596
005 - DATE AND TIME OF LATEST TRANSACTION
control field 20260410161630.0
008 - FIXED-LENGTH DATA ELEMENTS--GENERAL INFORMATION
fixed length control field 260409a
100 1# - MAIN ENTRY--PERSONAL NAME
Personal name Garrido, Elisabet G.
245 10 - TITLE STATEMENT
Title Registros contables digitales en la legislación societaria
700 1# - ADDED ENTRY--PERSONAL NAME
Personal name Campo, Ana María
773 0# - HOST ITEM ENTRY
Title Enfoques
Related parts - N°9 (sep. 2018)
Record control number REV416

No hay ítems disponibles.